LEADER 01170nam a22002651i 4500 001 991000774419707536 005 20021028135441.0 008 021028s1987 it |||||||||||||||||ger 035 $ab12053107-39ule_inst 035 $aARCHE-014290$9ExL 040 $aDip.to Filologia Ling. e Lett.$bita$cA.t.i. Arché s.c.r.l. Pandora Sicilia s.r.l. 082 04$a630.3 100 1 $aHaensch, Gunther$0375007 245 10$aDizionario di agricoltura :$btedesco, inglese, francese, spagnolo, italiano, russo : sistematico e alfabetico /$cdi Gunther Haensch, Gisela Haberkamp de Anton 250 $a5. ed. interamente rifatta e ampliata 260 $aBologna :$bEdagricole,$cc1987 300 $aXXIX, 1264 p. ;$c23 cm 650 4$aAgricoltura$xDizionari 700 1 $aHaberkamp de Anton, Gisela$eauthor$4http://id.loc.gov/vocabulary/relators/aut$0354093 907 $a.b12053107$b02-04-14$c01-04-03 912 $a991000774419707536 945 $aLE008 FL.M. (f.r.) XL 255$g1$i2008000518127$lle008$o-$pE0.00$q-$rn$so $t0$u0$v0$w0$x0$y.i12347541$z01-04-03 996 $aDizionario di agricoltura$9360316 997 $aUNISALENTO 998 $ale008$b01-04-03$cm$da $e-$fger$git $h0$i1 LEADER 01674nam a2200277 4500 001 991003132249707536 005 20250430125952.0 008 950424s1787 it b 000 ita 035 $ab14285794-39ule_inst 035 $aCICOGNARA-3772$9ExL 040 $aBibl. Interfacoltà T. Pellegrino$bita 041 0 $aita 100 1 $aResta, Sebastiano,$cC.Or.$d<1635-1714>$0217006 245 10$aIndice del tomo de' disegni raccolti da S.R. intitolato L'arte in tre stati, cioè in istato di perfezione nell'epoca di Raffaele, di sostegno nella declinazione nell'epoca de' Zuccari, di trionfo nella totale reparazione nell'epoca de' Caracci, e della loro insigne scuola. 250 $aEd.seconda. 260 $aPerugia,$bCarlo Baduel,$c1787. 300 $a21 p.; $c19 cm. 500 $aRiproduzione in microfiche dell'originale conservato presso la Biblioteca Apostolica Vaticana 787 18$iLeopoldo Cicognara Program :$tBiblioteca Cicognara$h[microform] : literary sources in the history of art and kindred subjects 787 18$tCatalogo ragionato dei libri d'arte e d'antichità / Leopoldo Cicognara 907 $a.b14285794$b01-04-22$c28-07-16 912 $a991003132249707536 945 $aLE002 SB Raccolta Cicognara, mcrf 2357B$g0$lle002$pE0.00$rn$so $t11$u0$v0$w0$x0$y.i15757080$z28-07-16 996 $aIndice del tomo de' disegni raccolti da S.R. intitolato L'arte in tre stati, cioè in istato di perfezione nell'epoca di Raffaele, di sostegno nella declinazione nell'epoca de' Zuccari, di trionfo nella totale reparazione nell'epoca de' Caracci, e della loro insigne scuola$91390520 997 $aUNISALENTO 998 $ale002$b28-07-16$cm$dg $e-$fita$git $h0$i1